| 000 | 00887nam0a22002411 4500 | ||
|---|---|---|---|
| 001 | rc\288226 | ||
| 005 | 20250621021647.0 | ||
| 035 | _a(NLR Aleph) 005519864 | ||
| 090 |
_a5496507 _c5496507 |
||
| 100 | _a20030307d1990 |||y0rusy50 ca | ||
| 101 | 0 | _arus | |
| 102 | _aRU | ||
| 105 | _ay ||||||||| | ||
| 200 | 1 |
_aСаморазвитие марксистско-ленинской партии _eДис. в форме науч. докл. на соиск. учен. степ. д-ра социол. наук при ЦК КПСС. Каф. теории партий и обществ.-полит. движений |
|
| 210 |
_aМ. _cБ. и. _d1990 |
||
| 215 | _a44 с. | ||
| 320 | _aБиблиогр.: с. 43-44 | ||
| 700 | 1 |
_aДимов _bД.Н. _gДимитър Николов |
|
| 801 | 0 |
_aRU _bNLR _gpsbo |
|
| 801 | 1 |
_aRU _bELAR _2rusmarc |
|
| 852 |
_aNLR _jА90/575 |
||
| 942 | _cBOOK | ||
| 980 | _aNB | ||